2018-19 NBA Points Per Game Leaders - Statistics

General Stats
  • This quiz has been taken 29 times
  • The average score is 19 of 25
Answer Stats
PPG Answer % Correct
36.1 James Harden
100%
27.4 LeBron James
100%
27.3 Stephen Curry
100%
26.0 Kevin Durant
96%
28.0 Paul George
96%
22.9 Russell Westbrook
96%
27.7 Giannis Antetokounmpo
92%
21.5 Klay Thompson
88%
23.8 Kyrie Irving
88%
26.6 Kawhi Leonard
84%
25.8 Damian Lillard
80%
21.2 DeMar DeRozan
80%
27.5 Joel Embiid
80%
24.5 Blake Griffin
72%
26.6 Devin Booker
72%
23.8 Donovan Mitchell
72%
21.2 Luka Doncic
72%
25.9 Anthony Davis
68%
25.6 Bradley Beal
68%
24.4 Karl-Anthony Towns
68%
25.6 Kemba Walker
68%
21.3 LaMarcus Aldridge
68%
21.2 Jrue Holiday
32%
23.7 Zach LaVine
32%
21.4 Julius Randle
24%
No matching quizzes found
Score Distribution
Percent of People with Each Score
Percentile by Number Answered
Your Score History
You have not taken this quiz